[Event "Titled Tue 4th Mar Early"]
[Site "chess.com INT"]
[Date "2025.03.04"]
[Round "6"]
[White "Svane, R."]
[Black "Bologan, V."]
[Result "1-0"]
[WhiteElo "2627"]
[BlackElo "2607"]
[PlyCount "129"]
[EventDate "2025.03.04"]

1. Nf3 Nf6 2. g3 b6 3. Bg2 Bb7 4. O-O g6 5. d4 Bg7 6. c4 O-O 7. Re1 e6 8. Bf4 d5 9. cxd5 Nxd5 ({RR} 9... exd5 10. Nc3 Re8 11. Rc1 Na6 12. Be5 c5 13. e3 Qe7 14. Qa4 Nb4 15. Bf1 Bc6 16. Qd1 c4 17. a3 Na6 18. Nd2 b5 19. Bg2 Rad8 20. Qc2 b4 21. Ne2 Qb7 22. Nf4 Re7 23. h4 Nc7 24. axb4 {Svane,R (2625)-Bortnyk,O (2601) chess.com INT 2025 0-1 (52)}) 10. Bg5 Bf6 ({RR} 10... f6 11. Bd2 f5 12. Nc3 Nd7 13. Rc1 h6 14. Nh4 Kh7 15. e4 Nxc3 16. Bxc3 f4 17. d5 Bxc3 18. Rxc3 g5 19. dxe6 Nc5 20. Qxd8 Rfxd8 21. e7 Rd2 22. b4 Ne6 23. Nf5 a5 24. bxa5 Rxa5 25. e8=Q {Oparin,G (2660)-Mousavi,S (2479) chess.com INT 2025 1-0}) 11. Bh6 Re8 $146 ({RR} 11... Bg7 12. Bxg7 Kxg7 13. e4 Nf6 14. Nc3 Nbd7 15. Qb3 c5 16. d5 e5 17. a4 Ne8 18. Nd2 Ba6 19. a5 Nd6 20. axb6 axb6 21. Bf1 Bxf1 22. Rxf1 Qg5 23. Nc4 Nxc4 24. Qxc4 Qd2 25. Rxa8 Rxa8 26. Qb5 {Svane,R (2616)-Harsh,S (2239) chess.com INT 2023 1-0 (68)}) ({RR} 11... Bg7 12. Bxg7 Kxg7 13. e4 Nf6 14. Nc3 Nbd7 15. Qb3 c5 16. d5 e5 17. a4 Ne8 18. Nd2 Ba6 19. a5 Nd6 20. axb6 axb6 21. Bf1 Bxf1 22. Rxf1 Qg5 23. Nc4 Nxc4 24. Qxc4 Qd2 25. Rxa8 Rxa8 26. Qb5 {Svane,R (2616)-Harsh,S (2239) chess.com INT 2023 1-0 (68)}) 12. e4 Ne7 13. Nc3 Bg7 14. Bxg7 Kxg7 15. Qb3 Nd7 16. Rad1 Qc8 17. h4 h6 18. Qc2 c5 19. d5 exd5 20. exd5 Nf6 21. Ne5 Nf5 22. Bh3 Qb8 23. Nc6 Rxe1+ 24. Rxe1 Nd4 25. Nxd4 cxd4 26. Nb5 Bxd5 27. Qd3 Qf8 28. Qxd4 Rd8 29. Qf4 Qc5 30. Nc3 Ba8 31. Bg2 Bxg2 32. Kxg2 Rd4 33. Qf3 Rd2 34. Re2 Rxe2 35. Qxe2 Qc6+ 36. Qf3 Qc4 37. Qe3 Qc6+ 38. Kg1 Qc4 39. Qe5 h5 40. b3 Qc5 41. Qxc5 bxc5 42. Kf1 Kf8 43. Ke2 Ke7 44. Kd3 Kd6 45. Nb5+ Kd5 46. Nxa7 Ne4 47. Ke3 Nc3 48. a4 c4 49. bxc4+ Kxc4 50. a5 Kc5 51. Nc8 Nd5+ 52. Ke4 Nf6+ 53. Kf4 Kb5 54. Nd6+ Kxa5 55. Nxf7 Kb5 56. Ne5 Nd5+ 57. Kg5 Nc3 58. Kxg6 Ne4 59. Kxh5 Nxf2 60. g4 Kc5 61. g5 Kd5 62. Ng4 Ne4 63. Nf6+ Nxf6+ 64. gxf6 Ke6 65. Kg6 1-0

[Event "Titled Tue 4th Mar Early"]
[Site "chess.com INT"]
[Date "2025.03.04"]
[Round "8"]
[White "Nihal, Sarin"]
[Black "Indjic, A."]
[Result "1-0"]
[WhiteElo "2687"]
[BlackElo "2651"]
[PlyCount "67"]
[EventDate "2025.03.04"]

1. Nf3 d5 2. e3 Nf6 3. b3 Bf5 4. Bb2 h6 5. g3 ({RR} 5. d3 e6 6. Nbd2 Be7 7. h3 Bh7 8. g4 c5 9. Ne5 Nbd7 10. Nxd7 Qxd7 11. Bg2 d4 12. O-O O-O 13. Nc4 Rad8 14. Qf3 Nd5 15. exd4 cxd4 16. Bxd4 Nb4 17. Bc3 Nxc2 18. Rad1 Nd4 19. Qe3 Bf6 {Radjabov,T (2765)-Ding,L (2791) Chess.com INT 2020 0-1 (53)}) 5... e6 6. Bg2 Bh7 $146 ({RR} 6... Be7 7. d3 O-O 8. O-O c5 9. Nbd2 Qc7 10. Ne5 Rd8 11. Qe2 Nbd7 12. Nxd7 Rxd7 13. e4 Bg4 14. f3 Bh5 15. g4 Bg6 16. e5 Ne8 17. f4 f5 18. exf6 Bxf6 19. Bxf6 Nxf6 20. g5 Nh5 21. Qxe6+ {Nakamura,H (2750)-Andreikin,D (2729) Chess.com INT 2022 1-0 (71)}) ({RR} 6... Nbd7 7. O-O Bd6 8. d3 O-O 9. Nbd2 e5 10. Re1 e4 11. dxe4 dxe4 12. Nd4 Bg4 13. Ne2 Qe7 14. Nc4 Bc5 15. a4 Rfd8 16. Qc1 Nh7 17. h3 Bf5 18. Nd4 Bg6 19. a5 a6 20. Ba3 Ng5 21. Bxc5 {Vicic,M (1833)-Tomljanovic,I (2129) Nova Gorica SLO 2025 ½-½}) ({RR} 6... a5 7. a3 Be7 8. O-O O-O 9. d3 a4 10. b4 c5 11. bxc5 Bxc5 12. Nbd2 Nc6 13. Qe2 Bh7 14. d4 Bd6 15. c4 Qa5 16. Rfc1 Rfc8 17. Bc3 Qa6 18. Bf1 Bg6 19. Qd1 Qa7 20. c5 Be7 21. Bb5 {Nakamura,H (2736)-Pichot,A (2628) Chess.com INT 2021 1-0 (42)}) 7. O-O Be7 8. c4 O-O 9. d4 c6 10. Nc3 Nbd7 11. Re1 Ne4 12. Nd2 f5 13. Rc1 Ndf6 14. Nf3 Nd7 15. Ne2 g5 16. Ne5 Bb4 17. Rf1 g4 18. Nf4 Qe8 19. Nxd7 Qxd7 20. Bxe4 dxe4 21. d5 e5 22. Bxe5 c5 23. Qc2 Ba5 24. Ba1 Bd8 25. Ne6 Bf6 26. Nxc5 Qe7 27. Ne6 Rf7 28. Bxf6 Qxf6 29. Rfd1 Re8 30. Nf4 b6 31. b4 h5 32. c5 h4 33. d6 hxg3 34. fxg3 1-0

[Event "Titled Tue 4th Mar Early"]
[Site "chess.com INT"]
[Date "2025.03.04"]
[Round "9"]
[White "Anton Guijarro, D."]
[Black "Janik, Igor"]
[Result "1-0"]
[WhiteElo "2663"]
[BlackElo "2527"]
[PlyCount "83"]
[EventDate "2025.03.04"]

1. Nf3 d5 2. c4 c6 3. e3 Nf6 4. Nc3 a6 5. d4 b5 6. b3 Bg4 7. h3 Bh5 8. g4 Bg6 9. Ne5 e6 10. Bd2 ({RR} 10. h4 dxc4 11. h5 Bd3 12. Bg2 Nd5 13. Nxd3 cxd3 14. Qxd3 Bb4 15. Bd2 Qa5 16. Ne4 Nd7 17. O-O Bxd2 18. Nxd2 O-O 19. Ne4 Rac8 20. a3 Qb6 21. b4 e5 22. Nc5 Nxc5 23. dxc5 Qb7 24. Qf5 Qe7 {Kiriakov,P (2568)-Bareev,E (2711) Playchess.com INT 2004 ½-½ (50)}) ({RR} 10. h4 Ne4 11. Nxe4 Bxe4 12. f3 f6 13. Nxc6 Nxc6 14. cxb5 Bxf3 15. Qxf3 axb5 16. Kf2 Qb6 17. Kg2 Ba3 18. Bxa3 Rxa3 19. Qe2 Ra5 20. Qc2 O-O 21. Bd3 f5 22. gxf5 Nb4 23. Qd2 Nxd3 24. Qxd3 exf5 {Riisem,O (2229)-Rasmussen,J (1947) Bergen NOR 2024 0-1 (32)}) 10... Nfd7 11. Nxg6 hxg6 12. Bg2 Nf6 $146 ({RR} 12... Nb6 13. c5 N6d7 14. b4 Ra7 15. a4 Rb7 16. axb5 axb5 17. O-O f5 18. Ra8 Be7 19. Ne2 Kf7 20. Qb3 Qc7 21. Nf4 Ra7 22. Rxa7 Qxa7 23. e4 Nf6 24. Nxe6 Nxe4 25. Bxe4 fxe4 26. Nf4 Qa4 27. Qc3 {Holt,C (2498)-Gemy Vargas,J (2345) Athens 2012 1-0 (93)}) ({RR} 12... Be7 13. a4 b4 14. Ne2 a5 15. Rc1 O-O 16. O-O Ra6 17. f4 dxc4 18. bxc4 c5 19. d5 exd5 20. cxd5 Nb6 21. e4 c4 22. Kh1 g5 23. e5 c3 24. Bxc3 bxc3 25. d6 Bxd6 26. Qxd6 Qxd6 27. exd6 {Golubka,P (2383)-Pohjala,H (2404) Vaxjo 2015 1-0 (80)}) 13. a4 b4 14. Ne2 a5 15. Qc2 Nbd7 16. Rc1 Bd6 17. cxd5 cxd5 18. Qc6 Be7 19. Nf4 O-O 20. g5 Nh7 21. Nxe6 fxe6 22. Qxe6+ Kh8 23. h4 Rc8 24. Rxc8 Qxc8 25. Qxe7 Re8 26. Qd6 Ndf8 27. Qxd5 Qc2 28. Qc4 Qb1+ 29. Ke2 Qf5 30. Qb5 Qf7 31. Bd5 Qe7 32. Qxa5 Rd8 33. Bxb4 Qd7 34. Bc4 Rc8 35. Bc5 Qg4+ 36. Ke1 Qe4 37. Rf1 Nd7 38. Qd2 Rd8 39. b4 Ne5 40. Be2 Qxh4 41. Be7 Rd7 42. Qc3 1-0

[Event "Titled Tue 4th Mar Early"]
[Site "chess.com INT"]
[Date "2025.03.04"]
[Round "9"]
[White "Mekhitarian, K."]
[Black "Tregubov, P."]
[Result "1-0"]
[WhiteElo "2564"]
[BlackElo "2555"]
[PlyCount "73"]
[EventDate "2025.03.04"]

1. Nf3 d5 2. c4 d4 3. b4 Bg4 4. g3 Bxf3 5. exf3 e5 6. b5 Nf6 7. Bg2 Nbd7 8. O-O Bd6 9. d3 $146 ({RR} 9. f4 exf4 10. Re1+ Kf8 11. Bb2 fxg3 12. hxg3 h5 13. Bxd4 h4 14. Qf3 Nh5 15. Nc3 hxg3 16. fxg3 Nxg3 17. c5 Nxc5 18. Qg4 Nh5 19. Nd5 c6 20. Rf1 Ne6 21. Rf5 Ng3 22. Rxf7+ Kxf7 23. Rf1+ Nxf1 {Christiansen,J (2462)-Navara,D (2726) Antalya 2017 0-1 (39)}) ({RR} 9. f4 O-O 10. fxe5 Nxe5 11. d3 Qc8 12. Bf4 Nfd7 13. Re1 Re8 14. Nd2 Rb8 15. Ne4 Bb4 16. Re2 Ng6 17. Bc1 Nde5 18. h3 Qd8 19. f4 Nd7 20. Bb2 Nc5 21. a3 Nxe4 22. Rxe4 Bc3 23. Bxc3 dxc3 {Mekhitarian,K (2562)-Keymer,V (2721) chess.com INT 2024 0-1}) 9... O-O 10. f4 exf4 11. Bxb7 Rb8 12. Bg2 Re8 13. a4 h5 14. Nd2 h4 15. gxh4 Ne5 16. Nf3 Ng6 17. Bh3 Nh7 18. h5 Nh4 19. Nxh4 Qxh4 20. Qg4 Qf6 21. Bg2 Qh6 22. c5 Be5 23. Re1 Ng5 24. h4 Nh7 25. Ra2 Re7 26. Rae2 Rbe8 27. Bc6 Nf6 28. Qf3 Nxh5 29. Bxe8 Qg6+ 30. Kh1 Qf6 31. Bc6 Qxh4+ 32. Kg1 Re6 33. Rxe5 Rg6+ 34. Kf1 Nf6 35. Re8+ Nxe8 36. Rxe8+ Kh7 37. Be4 1-0

[Event "Titled Tue 4th Mar Early"]
[Site "chess.com INT"]
[Date "2025.03.04"]
[Round "10"]
[White "Carlsen, M."]
[Black "Tari, A."]
[Result "1-0"]
[WhiteElo "2833"]
[BlackElo "2621"]
[PlyCount "87"]
[EventDate "2025.03.04"]

1. Nf3 Nf6 2. g3 c5 3. Bg2 Nc6 4. c4 d5 5. cxd5 Nxd5 6. Nc3 Nxc3 7. bxc3 e5 8. O-O Be7 9. d3 O-O 10. Rb1 ({RR} 10. a4 Qc7 11. Nd2 Be6 12. Nc4 b6 13. Ne3 Rad8 14. c4 Qd7 15. Nd5 Bd6 16. Bd2 Ne7 17. Nc3 Bh3 18. a5 Bxg2 19. Kxg2 f5 20. axb6 axb6 21. Bg5 f4 22. Bxe7 Bxe7 23. f3 fxg3 24. hxg3 Bg5 {Gharibyan,M (2480)-Tari,A (2659) Almaty KAZ 2022 1-0 (48)}) 10... Qc7 ({RR} 10... Rb8 11. c4 b6 12. Bb2 Qc7 13. Nd2 Bb7 14. Ne4 Nd4 15. Nc3 Bxg2 16. Kxg2 f5 17. Nd5 Qd6 18. e3 Nc6 19. Bc3 Bg5 20. Qh5 Bh6 21. f4 exf4 22. exf4 b5 23. Rbe1 Qd7 24. Rf2 b4 25. Ba1 {Andreikin,D (2729)-Xiong,J (2690) Chess.com INT 2022 1-0 (41)}) 11. Nd2 Be6 12. c4 ({RR} 12. Qa4 Bd7 13. Qe4 Rab8 14. Ba3 Be6 15. Nc4 Rfd8 16. Qe3 b5 17. Nd2 b4 18. cxb4 cxb4 19. Bb2 Nd4 20. Rfc1 Qa5 21. Nf3 Bxa2 22. Nxe5 Bxb1 23. Bxd4 Bf6 24. Rxb1 Rxd4 25. Nc6 Qb6 26. Qd2 a5 {Vokhidov,S (2648)-Nurgaliyev,S (2386) chess.com INT 2025 1-0 (48)}) 12... Rac8 $146 ({RR} 12... b6 13. Bb2 Rad8 14. Re1 Nd4 15. Nf1 Bg5 16. Ne3 Bxe3 17. fxe3 Nf5 18. Qc1 f6 19. Bh3 Qf7 20. e4 Ne7 21. Bxe6 Qxe6 22. Qe3 h5 23. Rf1 h4 24. gxh4 Qg4+ 25. Kh1 Qxh4 26. Rf3 g5 27. Rh3 {Cvetkovic,S (2409)-Cobic,V (2378) Belgrade 2003 1-0 (34)}) 13. Ne4 b6 14. Nc3 Qd7 15. Nd5 Bd6 16. a4 f5 17. Bd2 Ne7 18. a5 Bxd5 19. cxd5 b5 20. a6 Rb8 21. Qb3 Rfc8 22. Rfc1 h6 23. e4 fxe4 24. Bxe4 Nf5 25. Be3 c4 26. dxc4 bxc4 27. Qc3 Rxb1 28. Bxb1 Nxe3 29. Qxe3 Qg4 30. Kg2 Qd4 31. Qe2 Qxd5+ 32. Be4 Qe6 33. Qf3 Qf6 34. Qg4 Rf8 35. f3 Bc5 36. Rxc4 Bd4 37. Rc7 Kh8 38. h4 Bb6 39. Rb7 Bd4 40. Kh3 Rf7 41. Rb8+ Rf8 42. Qg6 Kg8 43. Bd5+ Kh8 44. Qxf6 1-0

[Event "Titled Tue 4th Mar Early"]
[Site "chess.com INT"]
[Date "2025.03.04"]
[Round "11"]
[White "Nihal, Sarin"]
[Black "Vachier Lagrave, M."]
[Result "1-0"]
[WhiteElo "2687"]
[BlackElo "2725"]
[PlyCount "59"]
[EventDate "2025.03.04"]

1. Nf3 d5 2. e3 Nf6 3. b3 Bf5 4. Be2 e6 ({RR} 4... h6 5. Ba3 Nbd7 6. c4 e6 7. Bxf8 Nxf8 8. O-O N8d7 9. Nc3 O-O 10. d4 a5 11. a3 Qe7 12. Qc1 c6 13. Qb2 Bg4 14. h3 Bxf3 15. Bxf3 Rfd8 16. Rfd1 Nb6 17. Be2 Nc8 18. c5 b5 19. b4 {So,W (2778)-Giri,A (2777) chess24.com INT 2021 0-1}) ({RR} 4... h6 5. Ba3 Nbd7 6. c4 e6 7. Bxf8 Nxf8 8. Nc3 N8d7 9. cxd5 exd5 10. b4 c6 11. O-O O-O 12. Qb3 Bg4 13. Nd4 Bxe2 14. Ncxe2 Ne4 15. Qc2 Rc8 16. d3 Nd6 17. Rfc1 Re8 18. Qd2 Nf8 19. Rc2 {Nihal,S (2687)-Tin,J (2597) Tashkent UZB 2025 1-0 (48)}) 5. Nh4 Bg6 6. Bb2 Nbd7 7. O-O $146 ({RR} 7. d3 Nb6 8. Nd2 Nfd7 9. g3 Qe7 10. Bf3 f6 11. Nxg6 hxg6 12. Qe2 O-O-O 13. O-O-O Kb8 14. Kb1 e5 15. h4 f5 16. e4 d4 17. Rhe1 Qf7 18. c3 c5 19. exf5 gxf5 20. Nc4 Nxc4 21. bxc4 g6 {Katuzian,V (2183)-Lavrov,M (2361) Kharkov 2003 1-0 (33)}) ({RR} 7. d3 c6 8. Nd2 Bd6 9. g3 Qc7 10. O-O Be5 11. c3 Bd6 12. c4 Be5 13. d4 Bd6 14. Rc1 O-O 15. Nxg6 hxg6 16. Bf3 a5 17. Qc2 Qd8 18. Bg2 a4 19. c5 Bc7 20. bxa4 Ra7 21. Bf3 e5 {Giri,A (2731)-Shogdzhiev,R (2348) chess.com INT 2025 1-0 (56)}) 7... Bd6 8. f4 c6 9. c4 O-O 10. Nc3 Ne8 11. Qe1 f5 12. Nxg6 hxg6 13. Qg3 Kf7 14. d3 Rh8 15. cxd5 cxd5 16. e4 Bc5+ 17. Kh1 Bd4 18. exd5 exd5 19. Bf3 Ndf6 20. Rae1 Nc7 21. Nxd5 Bxb2 22. Re7+ Qxe7 23. Nxe7 Kxe7 24. Qxg6 Kf8 25. Qxf5 Bd4 26. g4 Kf7 27. Rc1 Rac8 28. Be4 Ke7 29. g5 Nfe8 30. Qxc8 1-0

[Event "Titled Tue 4th Mar Late"]
[Site "chess.com INT"]
[Date "2025.03.04"]
[Round "5"]
[White "Maghsoodloo, Parham"]
[Black "Christiansen, Johan-Sebastian"]
[Result "1-0"]
[WhiteElo "2677"]
[BlackElo "2657"]
[PlyCount "75"]
[EventDate "2025.03.04"]

1. Nf3 c5 2. c4 Nc6 3. b3 e5 4. Bb2 d6 5. g3 g6 6. Bg2 Bg7 7. O-O Nge7 8. Nc3 O-O 9. d3 h6 10. a3 ({RR} 10. e3 Be6 11. Nd2 d5 12. cxd5 Nxd5 13. Nxd5 Bxd5 14. Ne4 b6 15. Qe2 Qd7 16. Rfd1 Rad8 17. Nc3 Be6 18. Qc2 Rc8 19. Rac1 Rfd8 20. Qe2 Kh7 21. Nb1 Bg4 22. Bf3 Bxf3 23. Qxf3 Nb4 24. Nc3 Qf5 {Dragnev,V (2550)-Fromm,M (2453) chess.com INT 2025 1-0 (42)}) 10... f5 ({RR} 10... a5 11. Nd2 Bg4 12. h3 Be6 13. Nd5 f5 14. e3 Rb8 15. Qc2 Rf7 16. f4 g5 17. Rae1 Ng6 18. Nf3 b5 19. Ba1 gxf4 20. exf4 Bxd5 21. cxd5 Nd4 22. Bxd4 cxd4 23. fxe5 dxe5 24. h4 Rc7 25. Qf2 {Maghsoodloo,P (2719)-Savchenko,B (2552) Almaty KAZ 2022 ½-½ (74)}) 11. Nd2 Be6 $146 ({RR} 11... Kh7 12. Nd5 Be6 13. b4 Qd7 14. e3 Bf7 15. Qb3 Rab8 16. f4 b6 17. Nxe7 Nxe7 18. a4 Nc6 19. b5 Nd8 20. a5 Ne6 21. axb6 axb6 22. Ra6 exf4 23. gxf4 Rfe8 24. Bc6 Qe7 25. Bxe8 Qxe8 26. Rfa1 {Rodriguez Polo,M (2186)-Martinez Alcantara,J (2619) chess.com INT 2023 0-1 (49)}) ({RR} 11... Kh7 12. Nd5 Be6 13. b4 Qd7 14. e3 Bf7 15. Qb3 Rab8 16. f4 b6 17. Nxe7 Nxe7 18. a4 Nc6 19. b5 Nd8 20. a5 Ne6 21. axb6 axb6 22. Ra6 exf4 23. gxf4 Rfe8 24. Bc6 Qe7 25. Bxe8 Qxe8 26. Rfa1 {Rodriguez Polo,M (2186)-Martinez Alcantara,J (2619) chess.com INT 2023 0-1 (49)}) 12. Nd5 Rc8 13. e3 Kh7 14. Nb1 a6 15. Nbc3 Rb8 16. h4 b5 17. Rb1 b4 18. axb4 Nxb4 19. Nxb4 Rxb4 20. Ba3 Rb8 21. b4 e4 22. Ne2 cxb4 23. Rxb4 Rxb4 24. Bxb4 Nc6 25. Ba3 Ne5 26. Nf4 Bf7 27. dxe4 Bxc4 28. exf5 Bxf1 29. fxg6+ Kh8 30. Qxf1 Qd7 31. Qxa6 Rd8 32. h5 Qf5 33. Qb6 Rc8 34. Qb7 Rd8 35. Be4 Qg4 36. Kg2 Qg5 37. Ne6 Qxh5 38. Qxg7# 1-0

[Event "Titled Tue 4th Mar Late"]
[Site "chess.com INT"]
[Date "2025.03.04"]
[Round "6"]
[White "Nihal, Sarin"]
[Black "Maghsoodloo, Parham"]
[Result "1-0"]
[WhiteElo "2687"]
[BlackElo "2677"]
[PlyCount "63"]
[EventDate "2025.03.04"]

1. Nf3 d5 2. e3 c5 3. b3 a6 4. Ba3 ({RR} 4. c4 d4 5. exd4 cxd4 6. g3 Nc6 7. Ba3 e5 8. Bxf8 Kxf8 9. d3 Bf5 10. Nh4 Qa5+ 11. Nd2 Be6 12. Bg2 Qc3 13. O-O Qxd3 14. f4 Nf6 15. Rf3 {1-0 (15) Erigaisi,A (2738)-Vasquez Schroeder,R (2475) chess.com INT 2024}) ({RR} 4. Bb2 Nf6 5. c4 Nc6 6. cxd5 Nxd5 7. a3 f6 8. d4 cxd4 9. Nxd4 Nxd4 10. Qxd4 e5 11. Qh4 Be7 12. Nd2 O-O 13. Rd1 Be6 14. Bd3 g6 15. Bb1 Qe8 16. Nf3 Nb6 17. O-O Bxb3 18. Rc1 Rc8 {Sarenac,I (2403)-Maghsoodloo,P (2570) Chess.com INT 2017 1-0 (46)}) 4... Qa5 ({RR} 4... e6 5. c4 Nf6 6. cxd5 Nxd5 7. Be2 Nc6 8. O-O Be7 9. Nc3 Ndb4 10. Qb1 O-O 11. Rd1 Bf6 12. d4 cxd4 13. Nxd4 Qa5 14. Bb2 Nxd4 15. exd4 Rd8 16. Ne4 Be7 17. a3 Nd5 18. Rc1 Bd7 19. b4 {Almasi,Z (2687)-Balog,I (2578) Ajka 2021 0-1}) 5. c4 $146 ({RR} 5. Be2 Nc6 6. O-O e5 7. d4 e4 8. Ne5 Nxe5 9. dxe5 Be6 10. c4 Rd8 11. Qc2 f5 12. exf6 Nxf6 13. cxd5 Bxd5 14. Bb2 Bc6 15. Bc3 Qc7 16. Nd2 Bd6 17. h3 Qe7 18. Nc4 Bb8 19. Rad1 O-O {Dizdarevic,E (2492)-Bogut,Z (2423) Bihac 2016 0-1 (44)}) 5... dxc4 6. Bxc4 Nf6 7. O-O e6 8. d4 Nbd7 9. dxc5 Bxc5 10. Bb2 b5 11. Be2 Bb7 12. a4 bxa4 13. Rxa4 Qb6 14. Nbd2 O-O 15. Qa1 Rfb8 16. h3 h6 17. Ne5 Bf8 18. Nxd7 Nxd7 19. Rg4 g6 20. h4 h5 21. Rg3 Qb4 22. Bxh5 Qxd2 23. Rd1 Qc2 24. Rxd7 Be4 25. Bd1 Qc6 26. Rd4 Bg7 27. h5 a5 28. hxg6 Bxg6 29. Bf3 Qc2 30. Bxa8 Qxb3 31. Bf3 Qa2 32. Qxa2 1-0

[Event "Titled Tue 4th Mar Late"]
[Site "chess.com INT"]
[Date "2025.03.04"]
[Round "7"]
[White "Maghsoodloo, Parham"]
[Black "Checa, Nicolas"]
[Result "1-0"]
[WhiteElo "2677"]
[BlackElo "2507"]
[PlyCount "85"]
[EventDate "2025.03.04"]

1. Nf3 d5 2. g3 Bf5 3. Bg2 e6 4. O-O Nf6 5. h3 ({RR} 5. Nh4 Bg4 6. h3 Bh5 7. Qe1 Be7 8. d3 O-O 9. e4 Nc6 10. f4 Nd4 11. Rf2 Ne8 12. Nf3 Bxf3 13. Bxf3 Bc5 14. Be3 Nxf3+ 15. Rxf3 Bxe3+ 16. Rxe3 dxe4 17. dxe4 Qd4 18. c3 Qb6 19. Qf2 Nd6 {Donchenko,A (2652)-Gomez Ledo,R (2446) Chess.com INT 2021 1-0 (55)}) ({RR} 5. Nh4 Bg4 6. h3 Bh5 7. d3 Be7 8. Nd2 O-O 9. Qe1 Nfd7 10. Nhf3 c5 11. e4 Nb6 12. e5 Nc6 13. Nh2 Nd4 14. g4 Bg6 15. Qd1 f6 16. Ndf3 Rc8 17. Re1 Qd7 18. Nxd4 cxd4 19. Nf3 Bc5 {Jonkman,H (2323)-Fathy,E (2300) chess.com INT 2023 0-1 (38)}) 5... h6 6. c4 $146 ({RR} 6. d3 Be7 7. Nfd2 O-O 8. e4 Bh7 9. Nc3 c6 10. f4 Nbd7 11. g4 Ne8 12. Nf3 Nc5 13. Qe2 dxe4 14. dxe4 Nd6 15. Ne5 f6 16. Nd3 Nxd3 17. cxd3 e5 18. f5 Nf7 19. h4 Qd6 20. Be3 Rfd8 {Popovic,A (2300)-Rajcevic,S (2146) Belgrade 2009 0-1 (36)}) 6... c6 7. Qb3 Qb6 8. d3 Nbd7 9. Be3 Qxb3 10. axb3 a6 11. Nc3 Be7 12. Rfc1 O-O 13. Nd4 Bh7 14. Nc2 Nc5 15. Ra3 Nxd3 16. exd3 Bxa3 17. Nxa3 Bxd3 18. Na4 Be4 19. f3 Bg6 20. Nc2 Rad8 21. Bb6 Rd7 22. Nc5 Re7 23. Ba5 Rb8 24. Bb4 Ree8 25. Ne3 a5 26. Bc3 b6 27. Na6 Rb7 28. Bxf6 gxf6 29. cxd5 cxd5 30. Bf1 Kg7 31. Bb5 Rd8 32. Kf2 d4 33. Nc4 e5 34. g4 h5 35. Na3 hxg4 36. hxg4 Rh8 37. Kg3 f5 38. gxf5 Bxf5 39. Nc4 f6 40. Nd6 Ra7 41. Nxf5+ Kg6 42. Bd3 Kg5 43. Nc7 1-0

[Event "25th ch-EUR Indiv 2025"]
[Site "Eforie Nord ROU"]
[Date "2025.03.23"]
[Round "8.4"]
[White "Yuffa, D."]
[Black "Kuzubov, Y."]
[Result "1-0"]
[WhiteElo "2654"]
[BlackElo "2603"]
[PlyCount "135"]
[EventDate "2025.03.15"]

1. Nf3 d5 2. g3 Nd7 3. d4 Nb6 4. Nc3 Bf5 5. Nh4 Bg4 6. h3 Bh5 7. a4 a5 8. Ng2 e6 9. Nf4 Bg6 10. h4 Bb4 11. e3 $146 ({RR} 11. Nxg6 hxg6 12. Qd3 Nf6 13. Bg2 Qd7 14. O-O Bxc3 15. Qxc3 Nxa4 16. Qe1 O-O 17. b3 Nb6 18. Rxa5 Ne4 19. c4 Rxa5 20. Qxa5 Ra8 21. Qb4 Qc6 22. Bf4 dxc4 23. bxc4 Ra4 24. Qb1 f5 25. c5 Nd7 {Wadsworth,M (2473)-Cabezas Ayala,I (2231) Roquetas de Mar ESP 2025 1-0 (39)}) 11... Nf6 12. f3 h6 13. Nxg6 fxg6 14. Bd3 Kf7 15. Kf2 Nbd7 16. Ne2 e5 17. c3 Bd6 18. Qc2 Rf8 19. Kg2 Kg8 20. Bxg6 Qe7 21. Bd2 e4 22. f4 Ng4 23. h5 Rf6 24. c4 Bb4 25. Rh4 Rxg6 26. hxg6 Ndf6 27. cxd5 Qd7 28. Nc3 Qf5 29. Qb3 Kh8 30. d6 Bxd6 31. Qxb7 Re8 32. Rah1 Qxg6 33. Nd5 Nxd5 34. Qxd5 Rb8 35. b3 Nf6 36. Qe6 Re8 37. Qc4 Qf5 38. Qe2 Kg8 39. g4 Qg6 40. Kf1 Nd5 41. Qc4 Qe6 42. Rh5 c6 43. Qxc6 Nxf4 44. exf4 e3 45. Re5 Bxe5 46. Qxe6+ Rxe6 47. fxe5 exd2 48. Ke2 Rg6 49. Rg1 Kf7 50. Kxd2 Ke6 51. Kd3 Kd5 52. Rc1 Rxg4 53. Rc5+ Ke6 54. Rxa5 h5 55. Ra6+ Kf5 56. e6 Rg3+ 57. Kc4 h4 58. d5 Re3 59. Ra8 h3 60. Rf8+ Kg4 61. Rh8 g5 62. a5 Kg3 63. Rxh3+ Kxh3 64. a6 Re4+ 65. Kb5 Rh4 66. e7 Rh8 67. d6 Rb8+ 68. Kc6 1-0

[Event "Bundesliga 2024-25"]
[Site "Bad Mergentheim GER"]
[Date "2025.03.23"]
[Round "11.4"]
[White "Erigaisi, Arjun"]
[Black "Pechac, Jergus"]
[Result "1-0"]
[WhiteElo "2778"]
[BlackElo "2578"]
[PlyCount "104"]
[EventDate "2024.10.05"]
[EventType "team"]
[WhiteTeam "Duesseldorfer SK"]
[BlackTeam "USV TU Dresden"]

1. Nf3 d5 2. b3 c5 3. e3 Nc6 4. Bb2 e6 5. a3 Nf6 6. d4 cxd4 7. exd4 Bd6 8. Bd3 b6 9. O-O O-O 10. Nbd2 Bb7 11. Ne5 Rc8 12. f4 $146 ({RR} 12. Re1 Ne7 13. Qf3 Qc7 14. Rac1 Ng6 15. Qe3 Qe7 16. Ra1 Rc7 17. Nxg6 hxg6 18. Qg5 Ne4 19. Qxe7 Bxe7 20. Re2 Rfc8 21. Bxe4 dxe4 22. c4 b5 23. c5 Bd5 24. b4 f5 25. f3 exf3 26. Nxf3 g5 {Hampel,F (2294)-Haring,F (2452) Karlsruhe GER 2024 ½-½ (31)}) ({RR} 12. Re1 Ne7 13. Qf3 Qc7 14. Rac1 Ng6 15. Qe3 Qe7 16. Ra1 Rc7 17. Nxg6 hxg6 18. Qg5 Ne4 19. Qxe7 Bxe7 20. Re2 Rfc8 21. Bxe4 dxe4 22. c4 b5 23. c5 Bd5 24. b4 f5 25. f3 exf3 26. Nxf3 g5 {Hampel,F (2294)-Haring,F (2452) Karlsruhe GER 2024 ½-½ (31)}) 12... Ne7 13. Qe2 Rc7 14. Rf2 a6 15. g4 b5 16. Re1 Kh8 17. h4 Ne4 18. Nxe4 dxe4 19. Bxe4 Bxe4 20. Qxe4 f5 21. Qg2 Bxe5 22. Rxe5 Ng6 23. Rxe6 Qxh4 24. d5 Rcf7 25. d6 fxg4 26. f5 g3 27. Rf3 Qh5 28. f6 Qc5+ 29. Kf1 gxf6 30. Qxg3 Qxc2 31. Rexf6 Kg8 32. Rf2 Rxf6 33. Bxf6 Qd1+ 34. Kg2 Qd5+ 35. Kg1 Qe6 36. Bc3 Rxf2 37. Kxf2 Qxb3 38. Qd3 Qf7+ 39. Ke3 Nf4 40. Qe4 Nd5+ 41. Kd4 Nf6 42. Qa8+ Kg7 43. Qc6 Kf8 44. Qc8+ Kg7 45. Ke3 a5 46. Qc7 Kf8 47. Bxf6 Qe6+ 48. Kd4 Qxf6+ 49. Kc5 Qe5+ 50. Kc6 Qe4+ 51. Kb6 Qe6 52. Kb7 Qd5+ 1-0

[Event "Bundesliga 2024-25"]
[Site "Muelheim GER"]
[Date "2025.03.24"]
[Round "12.2"]
[White "Vrolijk, Liam"]
[Black "Krejci, Jan2"]
[Result "1-0"]
[WhiteElo "2526"]
[BlackElo "2556"]
[PlyCount "141"]
[EventDate "2024.10.05"]
[EventType "team"]
[WhiteTeam "SV Muelheim Nord"]
[BlackTeam "SC Heimbach-Weis-Neuwied"]

1. Nf3 d5 2. g3 Nc6 3. d4 Bf5 4. Bg2 Nb4 5. Na3 e6 6. c3 Nc6 7. Qb3 Rb8 8. Nh4 Bg4 9. e4 dxe4 10. Bxe4 Be7 ({RR} 10... Nf6 11. Bf3 Bxf3 12. Nxf3 Be7 13. Nc4 Qd5 14. Nce5 Nxe5 15. Qxd5 exd5 16. Nxe5 Bd6 17. Nd3 Kd7 18. f3 Rhe8+ 19. Kf2 c6 20. Bg5 Ng8 21. Rae1 f6 22. Bf4 b6 23. h4 Ne7 24. h5 Bxf4 25. Nxf4 {Bogosavljevic,B (2481)-Mekhitarian,K (2562) chess.com INT 2025 ½-½ (70)}) 11. Nc4 Bxh4 12. gxh4 Bf5 $146 ({RR} 12... Nge7 13. Bg5 f6 14. Bd2 Bh5 15. Ne3 Qd7 16. Qb5 f5 17. Bg2 a6 18. Qb3 f4 19. Nc2 O-O 20. Be4 Ng6 21. f3 Nxh4 22. Rf1 Ng2+ 23. Kf2 Nh4 24. Ne1 Nxd4 25. Qd1 Nb5 26. Qc2 Bg6 27. Rd1 {Iermito,S (2517)-Godena,M (2419) Turin ITA 2024 0-1 (36)}) ({RR} 12... Nf6 13. Bg5 Qd7 14. Bxf6 gxf6 15. f3 Bh5 16. Qb5 Ne5 17. Qxd7+ Nxd7 18. Kf2 Ke7 19. Na5 c6 20. Bxc6 bxc6 21. Nxc6+ Kd6 22. Nxb8 Rxb8 23. b3 a5 24. c4 a4 25. Rab1 Bg6 26. Rb2 a3 27. Rd2 {Heberla,B (2560)-Grieve,H (2449) Ustron POL 2023 0-1 (85)}) 13. Bf3 Nge7 14. Rg1 b5 15. Ne3 Qd6 16. Rxg7 Bg6 17. h5 Kf8 18. Ng4 Nf5 19. hxg6 Kxg7 20. gxh7 f6 21. Bd2 Rxh7 22. O-O-O Rh3 23. Rg1 Kf7 24. Bg2 Rh4 25. h3 Nce7 26. Re1 b4 27. cxb4 Nxd4 28. Qc4 Rd8 29. Kb1 Ndf5 30. Bc3 Nd5 31. Bxd5 Qxd5 32. Qxd5 Rxd5 33. Nxf6 Rd3 34. Ne4 Rh6 35. Be5 Nd6 36. Ng5+ Ke7 37. Bg3 Rd5 38. h4 Nf5 39. Bxc7 Nxh4 40. f4 Nf5 41. Be5 Rd2 42. Rc1 Ne3 43. Ne4 Rd7 44. a4 Nd5 45. b5 Nb4 46. Rg1 Rg6 47. Rh1 Rh6 48. Rf1 Nd3 49. Bc3 Kd8 50. Nf6 Rd6 51. Rd1 Kc8 52. Ng4 Rh3 53. Ne5 Rd5 54. Nc6 Kb7 55. Rg1 Rh7 56. Rg8 a6 57. Na5+ Ka7 58. Bd4+ Rxd4 59. Nc6+ Kb6 60. Nxd4 Rh2 61. Rg3 Nxb2 62. a5+ Kxa5 63. Ra3+ Kb4 64. Rb3+ Kc4 65. bxa6 Nd3 66. a7 Rh1+ 67. Ka2 Nc1+ 68. Kb2 Nxb3 69. a8=Q Rh2+ 70. Nc2 Nc5 71. Qa2+ 1-0